| 000 | 00543nam a2200217Ia 4500 | ||
|---|---|---|---|
| 003 | OSt | ||
| 005 | 20230616140344.0 | ||
| 008 | 210423s2020 xx 000 0 und d | ||
| 020 | _a978-81-224-2781-3 | ||
| 040 | _cAL | ||
| 041 | _aeng | ||
| 082 |
_a620.5 _223 _bBANN |
||
| 100 |
_aBANDYOPADHYAY (A K) _996803 |
||
| 245 | _aNano materials Ed 2 | ||
| 260 |
_aNew Delhi _bNew Age International _c2020 |
||
| 300 |
_axix,308 _bPB |
||
| 365 |
_b375 _cINR |
||
| 650 |
_aNanotechnology _996804 |
||
| 906 | _amaterials ; Nano | ||
| 942 |
_2ddc _cBK |
||
| 999 |
_c170761 _d170761 |
||